Anything But Alabama Quiz Stats

 Plays Quiz not verified by Sporcle

Score 0/40 Timer 04:00
1 Play Today
Answer % Correct
Florida
97.6%
Texas
97.6%
Florida
97.3%
Texas
97.3%
South Carolina
96.3%
Mississippi
96.3%
South Carolina
96.3%
Georgia
95.9%
Virginia
95.9%
Mississippi
95.9%
South Carolina
95.9%
Mississippi
95.9%
North Carolina
95.6%
Georgia
95.6%
Arkansas
94.2%
Tennessee
94.2%
Arkansas
94.2%
Tennessee
93.9%
Tennessee
93.9%
Arkansas
93.9%
Answer % Correct
Kentucky
93.6%
Louisiana
92.9%
Louisiana
92.5%
Louisiana
92.5%
Louisiana
92.5%
Louisiana
92.5%
Ohio
89.8%
California
89.5%
Ohio
89.5%
Indiana
84.4%
Illinois
83.7%
Oklahoma
82.7%
Oklahoma
82.4%
West Virginia
79.3%
West Virginia
79.3%
Vermont
77.6%
Vermont
77.3%
Pennsylvania
67.5%
Nevada
66.4%
Rhode Island
62%

You're not logged in!

Compare scores with friends on all Sporcle quizzes.
OR
Log In

Sporcle TV

Today on Sporcle TV


Watch our educational content, quiz creation guides, and fun videos on Sporcle TV.

Show Comments

Extras

Top Quizzes Today


Score Distribution

Your Account Isn't Verified!

In order to create a playlist on Sporcle, you need to verify the email address you used during registration. Go to your Sporcle Settings to finish the process.

Report this User

Report this user for behavior that violates our Community Guidelines.

Details: